00776nam a22002057a 450000500170000001000150001702000230003203500140005503700130006908200110008210000280009324501360012126000620025727000850031930000340040449000460043850000570048470000130054170000160055420220930125406.0 aENG-135271 c120.00a8177911503 aEN-118803 bDBAD/PUB a301.24 aSridhar, Kala Seetharam aJobs, Commute and Public Services in Bengaluru:bA Pilot Study from Nagarabhavi/cKala Seetharam Sridhar, S Manasi [and] K C Smitha aBangalorebInstitute For Social And Economic Changec2017 aDr VKRV Rao Road, Nagarabhavi P.O.bBangaloree560072k23215468madmn@isec.ac.in ax,96p.c24cm(pbk)bReferences aSocial And Economic Change Monographsv51 aAssociate Editor of series is E Vishnuvardhan Reddy. aManasi,S aSmitha, K C